000 00824nam a2200169 i 4500
001 bg
245 0 _aGospodarowanie wodą w małych jednostkach :
_bmateriały z V Ogólnopolskiej Konferencji Naukowo-Technicznej nt. : Problemy gospodarki wodno-ściekowej w regionach rolniczo-przemysłowych, Białystok, 25-17 czerwca 1989.
_nT. 1,
_pProblemy prawno-ekonomiczne /
_cpod red. Bazylego Poskrobki ; Politechnika Białostocka. Instytut Inżynierii Środowiska.
246 _aProblemy gospodarki wodno-ściekowej w regionach rolniczo-przemysłowych
260 _aBiałystok :
_bWydaw-a PB,
_c1990.
300 _a133 s., [4] k. tabl. :
_brys., wykr. ;
_c23 cm.
504 _aBibliogr. po rozdz.
040 _cBPK
041 _apol
080 _a628.1/.3:556.18(061.3)
942 _cKS
008 s pl f |000 0 pol
999 _c29313
_d29313
856 _uhttp://koha.tu.koszalin.pl/cgi-bin/koha/opac-detail.pl?biblionumber=29313
_yKatalog online BPK